Statistics for Location by Company Abbreviation

Click here to take the quiz!

General Stats

  • This quiz has been taken 19 times
  • The average score is 19 of 32

Answer Stats

RankCompanyAnswer% Correct
467AIA Group{American} International Assurance
100%
152AIG{American} International Group
100%
33AT&T{American} Telephone and Telegraph
100%
277HCA HoldingsHospital Corporation of {America}
100%
295DZ Bank{Deutsche} Zentral-Genossenschaftsbank
88%
468BAE Systems{British} Aerospace Marconi Electronic Systems
81%
6BP{British} Petroleum
81%
411BT Grroup{British} Telecommunications
81%
186CITIC Group{China} International Trust and Investment Corporation
81%
272COFCO{China} National Cereals, Oils and Foodstuffs Corporation
81%
316CPC{Chinese} Petroleum Corporation
81%
337JFE Holdings{Japan} Fe Engineering
81%
201Mitsubishi UFJ Financial GroupMitsubishi United Financial Holdings of {Japan}
81%
444NEC{Nippon} Electric Company
81%
56BMW{Bayerische} Motoren Werke
69%
91ING GroupInternationale {Nederlanden} Groep
63%
39PDVSAPetróleos de {Venezuela}, S.A.
63%
322SNCFSociété Nationale des Chemins de fer {Français}
63%
42BNP ParibasBanque Nationale de {Paris} Paribas
50%
223OMV Group{Österreichische} Mineralölverwaltung
50%
209SABIC{Saudi Arabia} Basic Industries Corporation
38%
205SSE plc{Scottish} and Southern Energy plc
38%
308UBS BankUnion Bank of {Switzerland}
38%
93PTTPetroleum AuThority of {Thailand}
31%
81HSBC Holdings{Hongkong} and {Shanghai} Banking Corporation
25%
154RWE{Rheinisch-Westfälisches} Elektrizitätswerk
25%
60SAIC Motor{Shanghai} Automotive Industry Corporation
25%
3773M{Minnesota} Mining and Manufacturing
19%
76BASF{Badische} Anilin und Soda Fabrik
13%
139BHP Billiton{Broken Hill} Proprietary Billiton
13%
464HNA Group{Hainan} Airlines
13%
162POSCO{Pohang} Iron and Steel Company
13%

Score Distribution

Percentile by Number Answered

Percent of People with Each Score

Your Score History

You have not taken this quiz